000
00274nmm a2200097Ia 4500
008
220120s9999||||xx |||||||||||||||||und||
020
_a
019569953X
100
_a
Palinitkar, Samir
_9
2104
245
0
_a
Verilog nVHDL; A guide to digital design and synthesis
260
_b
New Delhi
999
_c
140050
_d
140050